00469 2200193 4500001002100000005001500021035002000036245004300056100002100099250000600120856004500126260003600171082000800207084001400215600001000229990001200239990001200251990001200263INLIS00000000000178820250506091446 a0010-05250000801 aSukreni Gadis Bali /cA. A. Panjitisna0 aA. A. Panjitisna a1 aRuang Baca Umum No Klas 800 ( Rak 3,4,5) aJakarta :bBalai Pustaka,c2000 a813 a813 A. s 4aFiksi a00.0121 a00.0122 a00.0123